00674nam a2200217 a 450000100100000000500170001000800410002702000150006804000130008308200080009610000280010424500540013226000390018630000170022544000200024244000430026250000200030504900090032595201070033499900150044100000180920200929145718.0090629s2002 es 000 spa d a8493237639 aDO-SdBNP aU491 aUmbral, Francisco9587713aLa república bananera USA /cUmbral, Francisco. aMadrid,c2002.bLatorre Literaria. a92p ;c21cm. 0aRara avis95878 0aIrreverentes y Latorre Literaria95879 aContiene indice aBNPD 001050718MOaGRbGRcCTd2009-06-29iLF1l0oU49 p1809-10r2020-06-25w2020-06-25y1ZNo se presta c1686d1686